| 000 | 00398pam a2200145 a 4500 | ||
|---|---|---|---|
| 020 |
_a9789352501670 _c |
||
| 041 | _aeng | ||
| 082 |
_a617.3 _bBAH |
||
| 100 | _aBAHETI N.D. JAMATI M.K. . | ||
| 245 |
_aPHYSICAL THERAPY TREATMENT OF COMMON ORTHOPEDIC CONDITIONS _hTextual Documents |
||
| 260 |
_bJAYPEE BROTHERS MEDICAL PUB. _c2016 |
||
| 300 |
_a454: _bXIV; _cPB. |
||
| 930 | _a7413 | ||
| 999 |
_c801940 _d801940 |
||
| 650 | _aORTHO | ||